Name All Cities that have Hosted Football Matches at the Olympics - Statistics

General Stats
  • This quiz has been taken 68 times
  • The average score is 41 of 91
Answer Stats
Answer % Correct
London
96%
Tokyo
96%
Berlin
91%
Paris
91%
Barcelona
89%
Manchester
87%
Rio de Janeiro
87%
Athens
85%
Athens, Georgia
85%
Moscow
83%
Munich
83%
Birmingham, Alabama
81%
Pasadena
81%
Beijing
80%
Melbourne
80%
Sydney
80%
Rome
76%
Helsinki
74%
Seoul
74%
São Paulo
72%
Shanghai
70%
Stockholm
70%
St. Louis
69%
Amsterdam
67%
Brussels
67%
Leningrad
67%
Mexico City
67%
Antwerp
65%
Montreal
63%
Naples
63%
Valencia
59%
Brasilia
57%
Brisbane
57%
Cardiff
57%
Glasgow
57%
Thessaloniki
57%
Toronto
57%
Busan
54%
Newcastle upon Tyne
54%
Yokohama
54%
Canberra
50%
Miami
50%
Guadalajara
48%
Ottawa
48%
Adelaide
46%
Florence
46%
Sapporo
43%
Belo Horizonte
41%
Tianjin
41%
Ghent
39%
Brighton
37%
Tampere
37%
Daegu
35%
Manaus
33%
Orlando, Florida
33%
Turku
33%
Washington DC
33%
Zaragoza
33%
Augsburg
31%
Nuremberg
31%
Salvador
30%
Kyiv
24%
Boston
22%
Lahti
22%
Puebla
20%
Portsmouth
19%
Minsk
17%
Heraklion
15%
Ōmiya
15%
Saitama
15%
León
13%
Patras
13%
Shenyang
13%
Coventry
11%
Ingolstadt
11%
Livorno
11%
Pescara
11%
Regensburg
11%
Daejeon
9%
Gwangju
9%
Kotka
9%
Passau
9%
Volos
9%
L'Aquila
7%
Sabadell
6%
Grosseto
4%
Rifu, Miyagi
4%
Stanford, California
4%
Annapolis
2%
Qinhuangdao
2%
Sherbrooke
2%
No matching quizzes found
Score Distribution
Percent of People with Each Score
Percentile by Number Answered
Your Score History
You have not taken this quiz